[Event "PervenstvoRT2015"]
[Site "?"]
[Date "2015.08.27"]
[Round "8.10"]
[White "Mikhail, Krylov"]
[Black "Emir, Khafizov"]
[Result "1/2-1/2"]
[LiveChessVersion "1.4.6"]
[BlackElo "1691"]
[WhiteElo "1668"]

1. d4 {[%clk 1:30:59]} c5 {[%clk 1:30:11]} 2. d5 {[%clk 1:31:24]} e5
{[%clk 1:30:35]} 3. Nc3 {[%clk 1:23:20]} d6 {[%clk 1:30:40]} 4. Nf3
{[%clk 1:23:43]} a6 {[%clk 1:31:03]} 5. a4 {[%clk 1:24:06]} g6 {[%clk 1:30:28]}
6. g3 {[%clk 1:24:10]} Bg7 {[%clk 1:30:53]} 7. Bg2 {[%clk 1:24:35]} Ne7
{[%clk 1:31:18]} 8. O-O {[%clk 1:24:52]} O-O {[%clk 1:31:44]} 9. Nd2
{[%clk 1:25:12]} f5 {[%clk 1:31:49]} 10. e4 {[%clk 1:24:15]} Qc7 {[%clk 1:29:44]}
11. Nc4 {[%clk 1:24:11]} Nd7 {[%clk 1:26:31]} 12. f4 {[%clk 1:21:24]} Nb6
{[%clk 1:24:34]} 13. Na3 {[%clk 1:20:41]} fxe4 {[%clk 1:20:29]} 14. a5
{[%clk 1:17:05]} Nd7 {[%clk 1:20:28]} 15. Nxe4 {[%clk 1:17:24]} exf4
{[%clk 1:19:44]} 16. Bxf4 {[%clk 1:14:08]} Be5 {[%clk 1:18:23]} 17. Bxe5
{[%clk 1:12:55]} Nxe5 {[%clk 1:12:50]} 18. Rxf8+ {[%clk 1:10:42]} Kxf8
{[%clk 1:13:12]} 19. Qf1+ {[%clk 1:11:02]} Bf5 20. Nc4 {[%clk 1:03:46]} Nxc4
{[%clk 0:57:06]} 21. Qxc4 {[%clk 1:04:10]} Bxe4 {[%clk 0:39:12]} 22. Qxe4
{[%clk 1:04:31]} Nf5 {[%clk 0:37:15]} 23. Rf1 {[%clk 1:04:25]} Re8
{[%clk 0:36:43]} 24. Qf4 {[%clk 1:02:38]} Kg8 {[%clk 0:36:48]} 25. c3
{[%clk 1:01:01]} Qe7 {[%clk 0:30:48]} 26. Bh3 {[%clk 0:55:19]} Rf8
{[%clk 0:27:35]} 27. Qf2 {[%clk 0:49:03]} Rf7 {[%clk 0:22:28]} 28. Re1
{[%clk 0:44:50]} Qd8 {[%clk 0:17:57]} 29. Qe2 {[%clk 0:32:29]} Re7
{[%clk 0:12:27]} 30. Qf2 {[%clk 0:32:31]} Rxe1+ {[%clk 0:12:37]} 31. Qxe1
{[%clk 0:32:55]} Qe7 {[%clk 0:13:01]} 32. Qxe7 {[%clk 0:31:08]} Nxe7
{[%clk 0:13:30]} 33. Be6+ {[%clk 0:31:27]} Kg7 {[%clk 0:13:01]} 34. Kf2
{[%clk 0:30:48]} Kf6 {[%clk 0:13:21]} 35. Ke3 {[%clk 0:27:57]} Ke5
{[%clk 0:13:43]} 36. c4 {[%clk 0:28:06]} g5 {[%clk 0:13:48]} 37. Kd3
{[%clk 0:26:16]} h6 {[%clk 0:12:55]} 38. Ke3 {[%clk 0:25:36]} Nf5+
{[%clk 0:04:24]} 39. Kd3 {[%clk 0:25:33]} Ne7 {[%clk 0:04:46]} 40. Bd7
{[%clk 0:22:34]} Kf6 {[%clk 0:01:03]} 41. Ke4 {[%clk 0:22:08]} Kg6
{[%clk 0:01:27]} 42. Be6 {[%clk 0:21:40]} Kf6 {[%clk 0:01:52]} 43. Kf3 Ke5 44.
Ke4+ 1/2-1/2

[Event "PervenstvoRT2015"]
[Site "?"]
[Date "2015.08.28"]
[Round "9.1"]
[White "Roman, Novikov"]
[Black "Radel, Setyukov"]
[Result "1-0"]
[LiveChessVersion "1.4.6"]
[BlackElo "1662"]
[WhiteElo "1971"]

1. e4 {[%clk 1:30:59]} e6 {[%clk 1:30:57]} 2. d4 {[%clk 1:31:25]} d5
{[%clk 1:31:25]} 3. e5 {[%clk 1:31:50]} c5 {[%clk 1:31:53]} 4. c3
{[%clk 1:32:15]} Qb6 {[%clk 1:32:07]} 5. Nf3 {[%clk 1:32:41]} Nc6
{[%clk 1:32:34]} 6. Bd3 {[%clk 1:33:05]} cxd4 {[%clk 1:32:39]} 7. cxd4
{[%clk 1:33:30]} Bd7 {[%clk 1:33:07]} 8. Bc2 {[%clk 1:32:56]} Nb4
{[%clk 1:33:08]} 9. O-O {[%clk 1:32:26]} Nxc2 {[%clk 1:32:42]} 10. Qxc2
{[%clk 1:32:51]} Rc8 {[%clk 1:33:01]} 11. Nc3 {[%clk 1:33:01]} Bb4
{[%clk 1:26:09]} 12. a3 {[%clk 1:31:34]} Bxc3 {[%clk 1:25:09]} 13. bxc3
{[%clk 1:31:57]} Ne7 {[%clk 1:24:25]} 14. h4 {[%clk 1:27:47]} Nf5
{[%clk 1:22:02]} 15. Be3 {[%clk 1:21:49]} Qa5 {[%clk 1:08:47]} 16. Rfc1
{[%clk 1:21:12]} O-O {[%clk 1:02:25]} 17. Bd2 {[%clk 1:18:33]} Rc4
{[%clk 0:53:20]} 18. g4 {[%clk 1:18:35]} Ne7 {[%clk 0:52:34]} 19. Ng5
{[%clk 1:18:54]} g6 {[%clk 0:51:52]} 20. Qd3 {[%clk 1:18:23]} Nc6
{[%clk 0:41:37]} 21. Ne4 {[%clk 1:17:44]} dxe4 {[%clk 0:37:37]} 22. Qxc4
{[%clk 1:18:06]} Qd5 {[%clk 0:36:42]} 23. Qe2 {[%clk 1:17:28]} f5
{[%clk 0:32:22]} 24. exf6 {[%clk 1:17:36]} e5 {[%clk 0:30:41]} 25. Re1
{[%clk 1:16:58]} exd4 {[%clk 0:30:05]} 26. Qxe4 {[%clk 1:17:19]} Qa5
{[%clk 0:26:44]} 27. Bh6 {[%clk 1:16:19]} Rxf6 {[%clk 0:25:18]} 28. cxd4
{[%clk 1:16:30]} Re6 {[%clk 0:24:48]} 29. Qb1 {[%clk 1:16:16]} Rxe1+
{[%clk 0:21:42]} 30. Qxe1 {[%clk 1:16:39]} Qxe1+ {[%clk 0:22:09]} 31. Rxe1
{[%clk 1:16:53]} Nxd4 {[%clk 0:21:58]} 32. Rd1 {[%clk 1:16:56]} Nf3+
{[%clk 0:22:24]} 33. Kg2 {[%clk 1:17:15]} Bc6 {[%clk 0:22:42]} 34. Rd8+
{[%clk 1:17:43]} Kf7 {[%clk 0:22:36]} 35. Rf8+ {[%clk 1:18:08]} Ke6
{[%clk 0:23:00]} 36. Rxf3 {[%clk 1:18:32]} b5 {[%clk 0:22:18]} 37. Kg3
{[%clk 1:18:51]} Bxf3 {[%clk 0:22:46]} 38. Kxf3 {[%clk 1:19:15]} Kd5
{[%clk 0:22:49]} 39. Kf4 {[%clk 1:19:23]} a5 {[%clk 0:23:09]} 40. Bf8
{[%clk 1:19:36]} Ke6 {[%clk 0:22:55]} 41. Ke4 {[%clk 1:19:48]} h5
{[%clk 0:22:50]} 42. gxh5 {[%clk 1:19:44]} gxh5 {[%clk 0:23:16]} 43. f4
{[%clk 1:20:11]} Kf7 {[%clk 0:23:00]} 44. Bc5 {[%clk 1:20:32]} Kf6
{[%clk 0:23:18]} 45. f5 {[%clk 1:20:55]} Kg7 {[%clk 0:23:38]} 46. Ke5
{[%clk 1:21:19]} Kf7 {[%clk 0:24:01]} 47. f6 {[%clk 1:21:43]} Ke8 48. Ke4 1-0

[Event "PervenstvoRT2015"]
[Site "?"]
[Date "2015.08.28"]
[Round "9.2"]
[White "Adel, Zhafyarov"]
[Black "Tagir, Galimov"]
[Result "1-0"]
[LiveChessVersion "1.4.6"]
[BlackElo "1783"]
[WhiteElo "1840"]

1. d4 {[%clk 1:30:58]} d5 {[%clk 1:30:55]} 2. c4 {[%clk 1:31:24]} c6
{[%clk 1:31:21]} 3. Nc3 {[%clk 1:31:47]} Nf6 {[%clk 1:31:44]} 4. Nf3
{[%clk 1:32:13]} dxc4 {[%clk 1:32:09]} 5. a4 {[%clk 1:32:19]} Bd7
{[%clk 1:32:19]} 6. e3 {[%clk 1:32:23]} b5 {[%clk 1:32:43]} 7. Ne5
{[%clk 1:32:07]} a6 {[%clk 1:32:00]} 8. Qf3 {[%clk 1:27:55]} Ra7 {[%clk 1:28:36]}
9. Ne4 {[%clk 1:14:53]} Be6 {[%clk 1:24:52]} 10. Nc3 {[%clk 0:45:50]} Qc7
{[%clk 1:13:16]} 11. h3 {[%clk 0:34:22]} Nfd7 {[%clk 1:05:14]} 12. Nxd7
{[%clk 0:32:58]} Nxd7 {[%clk 1:04:18]} 13. axb5 {[%clk 0:32:36]} cxb5
{[%clk 1:04:29]} 14. d5 {[%clk 0:32:41]} Ne5 {[%clk 1:04:35]} 15. Qg3
{[%clk 0:31:38]} Bf5 {[%clk 1:04:08]} 16. e4 {[%clk 0:31:55]} Bd7
{[%clk 1:02:04]} 17. Bf4 {[%clk 0:30:14]} f6 {[%clk 1:01:53]} 18. Be2
{[%clk 0:29:38]} g6 {[%clk 1:02:01]} 19. O-O {[%clk 0:28:34]} Bg7
{[%clk 1:02:25]} 20. h4 {[%clk 0:27:44]} O-O {[%clk 0:53:25]} 21. h5
{[%clk 0:24:56]} Kf7 {[%clk 0:53:17]} 22. Be3 {[%clk 0:24:04]} Raa8
{[%clk 0:52:16]} 23. hxg6+ {[%clk 0:22:22]} hxg6 {[%clk 0:52:04]} 24. f4
{[%clk 0:22:21]} Nd3 {[%clk 0:52:20]} 25. Bxd3 {[%clk 0:22:46]} cxd3
{[%clk 0:52:46]} 26. e5 {[%clk 0:19:51]} Bf5 {[%clk 0:53:01]} 27. e6+
{[%clk 0:20:12]} Kg8 {[%clk 0:53:08]} 28. Qf3 {[%clk 0:17:24]} Rfd8
{[%clk 0:52:14]} 29. g4 {[%clk 0:17:21]} Bxe6 {[%clk 0:51:02]} 30. dxe6
{[%clk 0:17:43]} 1-0

[Event "PervenstvoRT2015"]
[Site "?"]
[Date "2015.08.28"]
[Round "9.3"]
[White "Niyaz, Mukhamadeev"]
[Black "Damir, Gaifutdinov"]
[Result "0-1"]
[LiveChessVersion "1.4.6"]
[BlackElo "1885"]
[WhiteElo "1574"]

1. e4 {[%clk 1:30:58]} c5 {[%clk 1:30:53]} 2. c3 {[%clk 1:30:42]} d5
{[%clk 1:31:06]} 3. exd5 {[%clk 1:30:09]} Qxd5 {[%clk 1:31:33]} 4. d4
{[%clk 1:29:40]} Bf5 {[%clk 1:28:58]} 5. Nf3 {[%clk 1:25:06]} e6 {[%clk 1:26:10]}
6. Be2 {[%clk 1:22:53]} cxd4 {[%clk 1:25:10]} 7. Qxd4 {[%clk 1:19:27]} Nf6
{[%clk 1:23:26]} 8. Be3 {[%clk 1:17:36]} Nc6 {[%clk 1:21:47]} 9. Qa4
{[%clk 1:15:39]} Bc5 {[%clk 1:14:55]} 10. Bxc5 {[%clk 1:14:00]} Qxc5
{[%clk 1:13:55]} 11. Nbd2 {[%clk 1:14:06]} O-O {[%clk 1:14:08]} 12. O-O
{[%clk 1:14:12]} Qb6 {[%clk 1:07:28]} 13. Nc4 {[%clk 1:12:41]} Qc7
{[%clk 1:07:18]} 14. Rad1 {[%clk 1:10:12]} Rad8 {[%clk 1:06:34]} 15. Ne3
{[%clk 1:05:41]} Bg6 {[%clk 1:04:04]} 16. Nc2 {[%clk 0:59:39]} a6
{[%clk 0:55:28]} 17. Ncd4 {[%clk 0:57:31]} Be4 {[%clk 0:54:56]} 18. Nxc6
{[%clk 0:53:04]} Bxc6 {[%clk 0:55:05]} 19. Qh4 {[%clk 0:53:23]} Qa5
{[%clk 0:50:05]} 20. a3 {[%clk 0:49:55]} Qa4 {[%clk 0:46:34]} 21. Rd4
{[%clk 0:48:35]} Rxd4 {[%clk 0:46:18]} 22. Qxd4 {[%clk 0:48:54]} Qb3
{[%clk 0:43:20]} 23. c4 {[%clk 0:42:54]} Qa4 {[%clk 0:27:54]} 24. Ne5
{[%clk 0:41:22]} Be4 {[%clk 0:25:00]} 25. Bd3 {[%clk 0:39:59]} Bxd3
{[%clk 0:24:51]} 26. Qxd3 {[%clk 0:40:17]} Qa5 {[%clk 0:25:13]} 27. Nd7
{[%clk 0:37:32]} Nxd7 {[%clk 0:24:00]} 28. Qxd7 {[%clk 0:37:54]} Qb6
{[%clk 0:24:28]} 29. b4 {[%clk 0:35:23]} Rd8 {[%clk 0:24:26]} 30. Qa4
{[%clk 0:35:41]} Qd4 {[%clk 0:23:14]} 31. b5 {[%clk 0:34:56]} axb5
{[%clk 0:22:57]} 32. Qxb5 {[%clk 0:35:12]} b6 {[%clk 0:23:25]} 33. a4
{[%clk 0:34:40]} g6 {[%clk 0:23:50]} 34. g3 {[%clk 0:34:58]} e5 {[%clk 0:20:08]}
35. Rb1 {[%clk 0:34:46]} Rd6 {[%clk 0:20:34]} 36. Re1 {[%clk 0:30:58]} Re6
{[%clk 0:19:09]} 37. Kg2 {[%clk 0:30:17]} e4 {[%clk 0:18:56]} 38. Re3
{[%clk 0:29:56]} Kg7 {[%clk 0:18:58]} 39. Qd5 {[%clk 0:27:36]} Qxd5
{[%clk 0:16:40]} 40. cxd5 {[%clk 0:28:00]} Re5 {[%clk 0:17:08]} 41. Rb3
{[%clk 0:26:43]} Rxd5 {[%clk 0:17:32]} 42. Rxb6 {[%clk 0:27:07]} Rd2
{[%clk 0:17:28]} 43. Rb4 {[%clk 0:27:19]} e3 {[%clk 0:17:34]} 44. Re4
{[%clk 0:23:08]} Rxf2+ {[%clk 0:16:29]} 45. Kg1 {[%clk 0:23:31]} Ra2
{[%clk 0:16:54]} 46. Rxe3 {[%clk 0:23:45]} Rxa4 {[%clk 0:17:21]} 47. Re7
{[%clk 0:23:55]} Ra2 {[%clk 0:17:41]} 48. Re3 {[%clk 0:24:04]} g5
{[%clk 0:17:33]} 49. Re5 {[%clk 0:24:13]} Kg6 {[%clk 0:17:57]} 50. Re4
{[%clk 0:23:40]} h5 {[%clk 0:18:12]} 51. Rb4 {[%clk 0:23:57]} Kf5
{[%clk 0:17:18]} 52. Rb7 {[%clk 0:24:12]} f6 {[%clk 0:17:36]} 53. Rb4
{[%clk 0:24:20]} Re2 {[%clk 0:17:35]} 54. h3 {[%clk 0:23:35]} Re4
{[%clk 0:17:05]} 55. Rb5+ {[%clk 0:22:38]} Re5 {[%clk 0:17:23]} 56. Rb4
{[%clk 0:23:04]} Re2 {[%clk 0:17:50]} 57. Rb5+ {[%clk 0:22:36]} Ke4
{[%clk 0:17:02]} 58. h4 {[%clk 0:21:18]} gxh4 {[%clk 0:16:51]} 59. gxh4
{[%clk 0:21:08]} f5 {[%clk 0:17:19]} 60. Rb4+ {[%clk 0:21:22]} Kf3
{[%clk 0:17:35]} 61. Rb3+ {[%clk 0:18:55]} Kg4 {[%clk 0:17:59]} 62. Kf1
{[%clk 0:18:49]} Rd2 {[%clk 0:18:20]} 63. Rb4+ {[%clk 0:18:47]} f4
{[%clk 0:18:42]} 64. Ke1 {[%clk 0:18:57]} Ra2 {[%clk 0:18:51]} 65. Kf1
{[%clk 0:18:47]} Kg3 {[%clk 0:19:12]} 66. Rb8 {[%clk 0:18:10]} Ra1+
{[%clk 0:16:30]} 67. Ke2 {[%clk 0:18:20]} f3+ {[%clk 0:16:52]} 68. Ke3
{[%clk 0:18:35]} Re1+ {[%clk 0:17:14]} 69. Kd2 {[%clk 0:18:49]} f2
{[%clk 0:17:16]} 70. Rb3+ {[%clk 0:17:20]} Kg2 {[%clk 0:17:36]} 0-1

[Event "PervenstvoRT2015"]
[Site "?"]
[Date "2015.08.28"]
[Round "9.4"]
[White "Albert, Suleimanov"]
[Black "Ilya, Krasov"]
[Result "1-0"]
[LiveChessVersion "1.4.6"]
[BlackElo "1798"]
[WhiteElo "1930"]

1. d4 {[%clk 1:30:59]} d5 {[%clk 1:30:56]} 2. c4 {[%clk 1:31:25]} c6
{[%clk 1:31:24]} 3. Nc3 {[%clk 1:31:51]} Nf6 {[%clk 1:31:49]} 4. e3
{[%clk 1:32:17]} g6 {[%clk 1:32:14]} 5. Nf3 {[%clk 1:32:24]} Bg7 {[%clk 1:32:38]}
6. Bd3 {[%clk 1:32:34]} O-O {[%clk 1:33:01]} 7. O-O {[%clk 1:31:07]} b6
{[%clk 1:33:14]} 8. h3 {[%clk 1:27:29]} Ba6 {[%clk 1:29:08]} 9. b3
{[%clk 1:26:07]} c5 {[%clk 1:27:38]} 10. Qe2 {[%clk 1:17:59]} cxd4
{[%clk 1:15:43]} 11. exd4 {[%clk 1:18:19]} dxc4 {[%clk 1:15:44]} 12. Bxc4
{[%clk 1:18:32]} Bb7 {[%clk 1:09:16]} 13. Ba3 {[%clk 1:17:28]} Re8
{[%clk 1:08:25]} 14. Bxf7+ {[%clk 1:16:06]} Kh8 {[%clk 1:02:11]} 15. Bxe8
{[%clk 1:15:16]} Qxe8 {[%clk 1:02:37]} 16. Qxe7 {[%clk 1:12:48]} Qc8
{[%clk 1:02:42]} 17. Qe3 {[%clk 1:03:53]} Nbd7 {[%clk 1:01:16]} 18. Rac1
{[%clk 0:57:10]} Qg8 {[%clk 1:01:36]} 19. Rfe1 {[%clk 0:53:13]} Nd5
{[%clk 0:47:30]} 20. Nxd5 {[%clk 0:53:06]} Bxd5 {[%clk 0:47:54]} 21. Rc7
{[%clk 0:43:40]} Nf6 {[%clk 0:48:08]} 22. Qd3 {[%clk 0:41:30]} Qd8
{[%clk 0:46:19]} 23. Rcc1 {[%clk 0:39:11]} Bh6 {[%clk 0:44:30]} 24. Be7
{[%clk 0:35:25]} Qd7 {[%clk 0:44:11]} 25. Bxf6+ {[%clk 0:35:46]} Kg8
{[%clk 0:44:29]} 26. Bg5 {[%clk 0:34:53]} Bg7 {[%clk 0:44:22]} 27. Re7
{[%clk 0:34:15]} 1-0

[Event "PervenstvoRT2015"]
[Site "?"]
[Date "2015.08.28"]
[Round "9.5"]
[White "Ainur, Garafutdinov"]
[Black "Bulat, Nizamov"]
[Result "1-0"]
[LiveChessVersion "1.4.6"]
[BlackElo "2117"]
[WhiteElo "1946"]

1. e4 {[%clk 1:30:58]} c5 {[%clk 1:30:56]} 2. Nc3 {[%clk 1:31:27]} Nc6
{[%clk 1:31:17]} 3. g3 {[%clk 1:31:51]} g6 {[%clk 1:31:42]} 4. Bg2
{[%clk 1:32:18]} Bg7 {[%clk 1:32:07]} 5. d3 {[%clk 1:32:46]} d6 {[%clk 1:32:23]}
6. Be3 {[%clk 1:33:12]} Rb8 {[%clk 1:32:47]} 7. Qd2 {[%clk 1:33:38]} b5
{[%clk 1:33:12]} 8. Nge2 {[%clk 1:32:01]} b4 {[%clk 1:33:35]} 9. Nd1
{[%clk 1:32:29]} h5 {[%clk 1:32:04]} 10. h3 {[%clk 1:30:57]} e5 {[%clk 1:30:39]}
11. O-O {[%clk 1:29:16]} Nd4 {[%clk 1:30:04]} 12. f4 {[%clk 1:27:48]} h4
{[%clk 1:25:01]} 13. g4 {[%clk 1:10:10]} Nxe2+ {[%clk 1:23:16]} 14. Qxe2
{[%clk 1:10:38]} exf4 {[%clk 1:23:29]} 15. Bxf4 {[%clk 1:10:17]} g5
{[%clk 1:21:46]} 16. Bh2 {[%clk 1:06:45]} Be5 {[%clk 1:18:24]} 17. Bxe5
{[%clk 1:03:13]} dxe5 {[%clk 1:18:49]} 18. Qf2 {[%clk 1:02:43]} Qd4
{[%clk 1:17:26]} 19. Ne3 {[%clk 1:02:17]} f6 {[%clk 1:15:46]} 20. Kh1
{[%clk 1:01:42]} Be6 {[%clk 1:12:24]} 21. a3 {[%clk 0:52:36]} b3 {[%clk 1:10:21]}
22. c3 {[%clk 0:49:41]} Qd6 {[%clk 1:10:00]} 23. Rad1 {[%clk 0:45:28]} Rd8
{[%clk 1:08:57]} 24. d4 {[%clk 0:29:34]} cxd4 {[%clk 1:07:41]} 25. cxd4
{[%clk 0:29:58]} exd4 {[%clk 1:08:06]} 26. Nf5 {[%clk 0:30:06]} Bxf5
{[%clk 1:07:27]} 27. e5 {[%clk 0:30:06]} fxe5 {[%clk 0:57:04]} 28. Qxf5
{[%clk 0:30:28]} Nh6 {[%clk 0:49:56]} 29. Qxg5 {[%clk 0:29:56]} Rg8
{[%clk 0:50:01]} 30. Qxh4 {[%clk 0:27:54]} Rg6 {[%clk 0:46:29]} 31. Be4 Nf7
{[%clk 0:46:05]} 32. Rxf7 {[%clk 0:15:28]} Kxf7 {[%clk 0:40:04]} 33. Qh7+
{[%clk 0:15:53]} Kf8 {[%clk 0:40:28]} 34. Bxg6 {[%clk 0:15:35]} Qf6
{[%clk 0:37:49]} 35. Kg2 {[%clk 0:13:36]} 1-0

[Event "PervenstvoRT2015"]
[Site "?"]
[Date "2015.08.28"]
[Round "9.6"]
[White "Darya, Kuznetsova"]
[Black "Mikhail, Galiullin"]
[Result "0-1"]
[LiveChessVersion "1.4.6"]
[BlackElo "2110"]
[WhiteElo "1918"]

1. e4 {[%clk 1:30:58]} g6 {[%clk 1:30:54]} 2. d4 {[%clk 1:31:22]} Bg7
{[%clk 1:31:20]} 3. Nc3 {[%clk 1:31:48]} d6 {[%clk 1:31:43]} 4. g3
{[%clk 1:32:11]} Nf6 {[%clk 1:32:01]} 5. Bg2 {[%clk 1:32:30]} O-O
{[%clk 1:32:25]} 6. Nge2 {[%clk 1:32:51]} e5 {[%clk 1:32:22]} 7. O-O
{[%clk 1:32:46]} Nc6 {[%clk 1:32:01]} 8. d5 {[%clk 1:19:50]} Ne7 {[%clk 1:32:27]}
9. h3 {[%clk 1:17:50]} Ne8 {[%clk 1:32:15]} 10. Be3 {[%clk 1:03:46]} f5
{[%clk 1:32:28]} 11. Qd2 {[%clk 1:03:00]} Nf6 {[%clk 1:31:44]} 12. Bg5
{[%clk 1:00:41]} Qe8 {[%clk 1:27:37]} 13. Kh2 {[%clk 1:00:45]} Qf7
{[%clk 1:25:16]} 14. Rad1 {[%clk 0:45:01]} Bd7 {[%clk 1:16:52]} 15. f4
{[%clk 0:42:07]} h6 {[%clk 1:12:28]} 16. fxe5 {[%clk 0:41:49]} hxg5
{[%clk 1:09:58]} 17. e6 {[%clk 0:40:16]} Bxe6 {[%clk 1:10:19]} 18. dxe6
{[%clk 0:40:44]} Qxe6 {[%clk 1:10:46]} 19. exf5 {[%clk 0:39:49]} Nxf5
{[%clk 1:09:05]} 20. Nd5 {[%clk 0:34:55]} Ne4 {[%clk 1:06:01]} 21. Qd3
{[%clk 0:29:07]} Nexg3 {[%clk 0:59:52]} 22. Nxg3 {[%clk 0:26:31]} Nxg3
{[%clk 1:00:06]} 23. Rxf8+ {[%clk 0:22:53]} Rxf8 {[%clk 1:00:18]} 24. Nf4
{[%clk 0:20:34]} Qe5 {[%clk 0:53:34]} 25. Bd5+ {[%clk 0:17:49]} Kh7
{[%clk 0:53:55]} 26. Qxg6+ {[%clk 0:16:08]} Kh8 {[%clk 0:54:24]} 27. Kxg3
{[%clk 0:08:59]} Qxf4+ {[%clk 0:53:29]} 28. Kg2 {[%clk 0:09:22]} Qh4
{[%clk 0:51:49]} 29. Bf3 {[%clk 0:04:21]} Bxb2 {[%clk 0:48:02]} 30. Rd5
{[%clk 0:02:31]} Be5 {[%clk 0:46:51]} 31. Rxe5 {[%clk 0:02:56]} dxe5
{[%clk 0:47:02]} 32. Qe6 {[%clk 0:03:17]} Rxf3 {[%clk 0:44:22]} 33. Kxf3
{[%clk 0:02:19]} e4+ {[%clk 0:43:38]} 34. Kg2 {[%clk 0:02:15]} Qf4
{[%clk 0:39:20]} 35. Qe8+ {[%clk 0:02:31]} Kg7 {[%clk 0:39:45]} 36. Qe7+
{[%clk 0:02:49]} Kg8 {[%clk 0:38:55]} 37. Qe8+ {[%clk 0:03:04]} Kg7
{[%clk 0:38:24]} 38. Qe7+ {[%clk 0:03:28]} Qf7 {[%clk 0:38:39]} 39. Qxe4
{[%clk 0:03:38]} Qxa2 {[%clk 0:37:54]} 40. Qe5+ {[%clk 0:03:56]} Kg6
{[%clk 0:38:17]} 41. Qxc7 {[%clk 0:03:47]} Qd5+ {[%clk 0:38:41]} 42. Kg3
{[%clk 0:04:03]} Kf5 {[%clk 0:37:32]} 43. Qc8+ {[%clk 0:02:59]} Ke4
{[%clk 0:37:48]} 44. c4 {[%clk 0:02:19]} Qe5+ {[%clk 0:37:31]} 45. Kg2
{[%clk 0:02:39]} Ke3 {[%clk 0:36:16]} 46. c5 {[%clk 0:01:11]} Qb2+
{[%clk 0:36:32]} 47. Kg3 {[%clk 0:00:36]} Qf2+ {[%clk 0:36:56]} 48. Kg4
{[%clk 0:01:00]} Qh4+ {[%clk 0:37:24]} 0-1

[Event "PervenstvoRT2015"]
[Site "?"]
[Date "2015.08.28"]
[Round "9.7"]
[White "Imanuil, Peisakhov"]
[Black "Anastasia, Kozina"]
[Result "0-1"]
[LiveChessVersion "1.4.6"]
[BlackElo "2105"]
[WhiteElo "1897"]

1. e4 {[%clk 1:30:59]} e6 {[%clk 1:30:54]} 2. d4 {[%clk 1:30:35]} d5
{[%clk 1:31:17]} 3. Nc3 {[%clk 1:30:57]} Nf6 {[%clk 1:31:42]} 4. exd5
{[%clk 1:31:21]} exd5 {[%clk 1:32:06]} 5. Nf3 {[%clk 1:31:29]} Bf5
{[%clk 1:31:30]} 6. Bd3 {[%clk 1:31:08]} Bxd3 {[%clk 1:31:00]} 7. Qxd3
{[%clk 1:30:43]} c6 {[%clk 1:30:32]} 8. O-O {[%clk 1:30:33]} Be7 {[%clk 1:30:54]}
9. Re1 {[%clk 1:29:58]} O-O {[%clk 1:31:16]} 10. Ne2 {[%clk 1:28:21]} Nbd7
{[%clk 1:29:40]} 11. Ng3 {[%clk 1:28:45]} Re8 {[%clk 1:28:29]} 12. Bf4
{[%clk 1:28:34]} Nf8 {[%clk 1:23:31]} 13. Nf5 {[%clk 1:20:39]} Ne6
{[%clk 1:23:54]} 14. Nxe7+ {[%clk 1:20:01]} Qxe7 {[%clk 1:24:14]} 15. Be5 Ng4
{[%clk 0:58:08]} 16. h3 {[%clk 1:08:20]} Nxe5 {[%clk 0:57:02]} 17. Rxe5
{[%clk 1:08:23]} f6 {[%clk 0:52:12]} 18. Re3 {[%clk 1:07:54]} Qf7
{[%clk 0:51:16]} 19. Rae1 {[%clk 1:05:13]} Nc7 {[%clk 0:48:42]} 20. Nd2
{[%clk 1:01:55]} Nb5 {[%clk 0:43:54]} 21. a4 {[%clk 0:51:25]} Nd6
{[%clk 0:43:20]} 22. b3 {[%clk 0:51:47]} Rxe3 {[%clk 0:39:09]} 23. Rxe3
{[%clk 0:52:00]} Re8 {[%clk 0:39:33]} 24. c4 {[%clk 0:49:13]} Qg6
{[%clk 0:30:02]} 25. Qe2 {[%clk 0:47:41]} Kf8 {[%clk 0:30:01]} 26. cxd5
{[%clk 0:44:52]} cxd5 {[%clk 0:30:07]} 27. Qf3 {[%clk 0:44:01]} Rxe3
{[%clk 0:29:33]} 28. fxe3 {[%clk 0:40:59]} Qf5 {[%clk 0:29:30]} 29. Qg3 Qe6
{[%clk 0:29:28]} 30. Kf2 {[%clk 0:35:05]} g6 {[%clk 0:27:27]} 31. Qh4
{[%clk 0:31:52]} Qxe3+ {[%clk 0:24:16]} 32. Kxe3 {[%clk 0:31:08]} Nf5+
{[%clk 0:24:39]} 33. Kd3 {[%clk 0:22:44]} Nxh4 {[%clk 0:25:00]} 34. g3
{[%clk 0:23:07]} Nf5 {[%clk 0:25:00]} 35. g4 {[%clk 0:23:30]} Nd6
{[%clk 0:24:39]} 36. b4 {[%clk 0:22:27]} Ke7 {[%clk 0:23:45]} 37. Nb3 b6
{[%clk 0:21:03]} 38. Nd2 {[%clk 0:18:53]} Ke6 {[%clk 0:20:30]} 39. Nb1
{[%clk 0:16:18]} Ne4 {[%clk 0:19:34]} 40. Ke3 {[%clk 0:15:15]} a5
{[%clk 0:17:52]} 41. bxa5 {[%clk 0:13:35]} bxa5 {[%clk 0:18:16]} 42. Kf4
{[%clk 0:13:39]} g5+ {[%clk 0:17:18]} 43. Ke3 {[%clk 0:13:38]} f5
{[%clk 0:17:44]} 44. Kf3 {[%clk 0:12:01]} Kf6 {[%clk 0:17:43]} 45. Ke3 Kg6
{[%clk 0:17:40]} 46. gxf5+ {[%clk 0:10:04]} Kxf5 {[%clk 0:18:01]} 47. Na3 Nc3
{[%clk 0:17:31]} 48. Nb5 {[%clk 0:10:59]} Nxa4 {[%clk 0:17:41]} 49. Nc7
{[%clk 0:11:26]} Nb6 {[%clk 0:17:46]} 50. Nb5 {[%clk 0:10:46]} g4
{[%clk 0:17:38]} 51. h4 {[%clk 0:09:45]} g3 {[%clk 0:17:29]} 52. Kf3
{[%clk 0:09:53]} g2 {[%clk 0:17:52]} 53. Kxg2 {[%clk 0:10:22]} Kg4
{[%clk 0:18:11]} 54. h5 {[%clk 0:10:43]} Kxh5 {[%clk 0:18:35]} 55. Kg3
{[%clk 0:11:04]} Kg5 {[%clk 0:18:53]} 56. Nd6 {[%clk 0:11:27]} a4
{[%clk 0:18:46]} 57. Nf7+ {[%clk 0:11:52]} Kf6 0-1